¿Por qué luchamos? : un libro sobre el amor y la libertad /

Manuela D'Avila explains current feminism for those who still do not know or understand it. With her it is possible to understand that feminism is a matter for everyone. It is a book dedicated especially to young women who want to commit or want to know more and do not dare to ask. It is also a...

Full description

Bibliographic Details
Main Author: D'Ávila, Manuela (Author)
Corporate Author: JSTOR (Organization)
Format: eBook
Language:Spanish
Published: Buenos Aires, Argentina : CLACSO : Siglo Veintiuno Editores, 2020
Edition:Primera edición.
Series:Feminismos latinoamericanos
Subjects:
Online Access:Connect to the full text of this electronic book

MARC

Tag First Indicator Second Indicator Subfields
LEADER 00000cam a2200000 i 4500
001 in00004635953
006 m o d
007 cr |||||||||||
008 210826s2020 ag a ob 000 0 spa d
005 20230103223601.1
035 |a (OCoLC)on1265438408 
040 |a ARFGC  |b eng  |e rda  |c ARFGC  |d JSTOR  |d HTM  |d OCLCF 
020 |a 9878130517  |q (electronic bk.) 
020 |a 9789878130514  |q (electronic bk.) 
020 |z 9789877226959  |q (print) 
035 |a (OCoLC)1265438408 
037 |a 22573/ctv2v6ztnv  |b JSTOR 
050 4 |a HQ1460.5 
082 0 4 |a 305.42098  |2 23/eng/20220829 
049 |a TXAM 
100 1 |a D'Ávila, Manuela,  |e author. 
240 1 0 |a Por que lutamos?  |l Spanish 
245 1 0 |a ¿Por qué luchamos? :  |b un libro sobre el amor y la libertad /  |c Manuela D'Ávila ; ilustraciones de Pupé. 
250 |a Primera edición. 
264 1 |a Buenos Aires, Argentina :  |b CLACSO :  |b Siglo Veintiuno Editores,  |c 2020 
300 |a 1 online resource (136 pages) :  |b illustrations. 
336 |a text  |b txt  |2 rdacontent 
337 |a computer  |b c  |2 rdamedia 
338 |a online resource  |b cr  |2 rdacarrier 
490 0 |a Feminismos latinoamericanos 
520 |a Manuela D'Avila explains current feminism for those who still do not know or understand it. With her it is possible to understand that feminism is a matter for everyone. It is a book dedicated especially to young women who want to commit or want to know more and do not dare to ask. It is also a conversation, a hug and a point of support to reflect on motherhood and sisterhood, differences and equality, deconstruction and freedom, domestic violence and fear, in short: everything for which we fight The author suggests but also interacts with the readers, encourages the meeting, the brotherhood and listening to make sure (and make sure) that women will never be alone again. 
650 0 |a Feminism  |z Latin America. 
650 0 |a Women  |z Latin America  |x Social conditions. 
650 7 |a Feminism.  |2 fast  |0 (OCoLC)fst00922671 
650 7 |a Women  |x Social conditions.  |2 fast  |0 (OCoLC)fst01176947 
651 7 |a Latin America.  |2 fast  |0 (OCoLC)fst01245945 
655 7 |a Electronic books.  |2 local 
710 2 |a JSTOR (Organization) 
856 4 0 |u https://www.jstor.org/stable/10.2307/j.ctv2v88dv1  |z Connect to the full text of this electronic book  |t 0 
955 |a JSTOR Open Access ebooks 
994 |a 92  |b TXA 
999 f f |s 87320fb3-6f8b-407f-aa13-064ec3d94a87  |i 743aa94b-b57a-46bb-be31-09325f757b94  |t 0 
952 f f |a Texas A&M University  |b College Station  |c Electronic Resources  |d Available Online  |t 0  |e HQ1460.5   |h Library of Congress classification 
998 f f |a HQ1460.5   |t 0  |l Available Online